Estatísticas para Luxemburgo

Clique aqui para jogar o quiz

Estatísticas Gerais

  • Esse quiz foi jogado 21 vezes
  • A pontuação média é 8 de 14

Estatísticas das Respostas

HintResposta% Correto
Qual é o seu vinho mais premiado?Crémant de Luxembourg
100%
Qual é a sua moeda?Euro
100%
Onde fica?Europa
100%
Qual é o seu código ISO?LUX
100%
Qual é a sua capital?Luxemburgo
100%
Qual é o seu idioma?Luxemburguês
75%
A sua bandeira é parecida com a bandeira de que outro país?Países Baixos
65%
De que país são a maior parte dos imigrantes?Portugal
65%
Qual é a sua religião?Cristianismo
50%
Qual é o seu prato típico?Bouneschlupp
15%
Qual é o seu animal nacional?Leão
15%
Qual é o ponto turístico mais visitado?Bock
10%
Qual é a sua ave nacional?Estrelinha-de-poupa
0%
Qual é a sua bebida típica?Licor de ameixa
0%

Distribuição das Pontuações

Percentil de Números Respondidos

Porcentagem de Pessoas com Cada Pontuação

Sua Pontuação Histórica

Você não jogou esse quiz